| 000 | 01544nam a2200313Ia 4500 | ||
|---|---|---|---|
| 999 |
_c36401 _d36401 |
||
| 001 | 2315 | ||
| 003 | GE_BSU | ||
| 005 | 20190529163406.0 | ||
| 008 | 181216s2009||||ge |||||||||||||| ||geo|| | ||
| 010 | _a9789941409257 | ||
| 020 | _a9789941409257 | ||
| 040 | _cGE_BSU | ||
| 041 | _ageo | ||
| 080 | _a631.115.1(035) ბ–66 | ||
| 245 |
_aბიზნეს პროექტის მომზადება აგრარულ სექტორში : _b სახელმძღვ. ცნობარი ფერმერთათვის / _cავტ.: ს. თურმანიძე, ი. ძირკვაძე, რ. ბერიძე, დ. ძირკვაძე ; რედ. ო. შაინიძე. |
||
| 264 |
_aბათუმი : _bშოთა რუსთაველის სახელმწ. უნ-ტი, _c2009. |
||
| 300 |
_a5გვ.: _bცხრ. ; _c20 სმ. |
||
| 504 | _aბიბლიოგრ.: გვ. 51. | ||
| 541 | _h2 ლ. | ||
| 653 | _aფერმერული მეურნეობები | ||
| 653 | _aბიზნეს გეგმა | ||
| 653 | _aცნობარები | ||
| 700 |
_aთურმანიძე, ს. _eავტორი _91807 |
||
| 700 |
_aძირკვაძე, ი. _eავტორი _91806 |
||
| 700 |
_aბერიძე, რ. _eავტორი _91808 |
||
| 700 |
_aძირკვაძე, დ. _eავტორი _91809 |
||
| 700 |
_aშაინიძე, ო. _eრედაქტორი _91798 |
||
| 942 |
_cBK _2udc |
||